| 000 | 00403nam a22001577a 4500 | ||
|---|---|---|---|
| 003 | NUST - PNEC | ||
| 005 | 20170116181112.0 | ||
| 008 | 151003b xxu||||| |||| 00| 0 eng d | ||
| 040 | _cLIBRARY | ||
| 082 | _a669.94 SHE | ||
| 100 |
_912846 _aShewmon, Paul G. |
||
| 245 |
_aTransformations in metals _cPaul G. Shewmon |
||
| 260 | _cc.1969 | ||
| 650 |
_912361 _aPhysical metallurgy _xME |
||
| 942 |
_2ddc _cBK |
||
| 999 |
_c69155 _d69155 |
||